| 000 | 00428nam a2200169Ia 4500 | ||
|---|---|---|---|
| 008 | 210210b2000 xxu||||| |||| 00| 0 eng d | ||
| 020 | _a981 4053 96 1 | ||
| 082 | _a005.74 DATI | ||
| 100 | _aDATE (C J). | ||
| 245 | _aIntroduction to database systems. Ed 7. | ||
| 250 | _a | ||
| 260 |
_aMassachusetts. _bAddison-Wesley _c2000 |
||
| 300 | _axxii,938 | ||
| 650 | _aDatabase | ||
| 690 | _aComputer Science | ||
| 906 | _a057574 | ||
| 999 |
_c105185 _d105185 |
||